000 00210 a2200097 4500
001 18128
100 _aAhmed M S
245 _aEng grammar & composition
260 _a
_bTariq Brothers
_c
090 _c13422
_d13422
942 _aNUST-CAE
_cM
_c3806
999 _c253201
_d253201